| 000 | 01892nam a2200385 a 4500 | ||
|---|---|---|---|
| 999 |
_c165450 _d165450 |
||
| 003 | BLK | ||
| 005 | 20241017105412.0 | ||
| 008 | 180410b bul|||||r ||||||| ||bul|| | ||
| 010 | _aKNG00173060000 | ||
| 040 | _aBLK | ||
| 041 |
_aBUL _cBUL |
||
| 080 |
_aБългарска литература _b821.163.2 _x(082) _z821.163.2(082) |
||
| 080 |
_aБългарска литература _b821.163.2 _x-1 _z821.163.2-1 |
||
| 100 |
_aДебелянов, Димчо Вельов _9363389 |
||
| 139 |
_aДебелянов, Димчо Вельов _bД 31 |
||
| 245 | 1 | 0 |
_aСъчинения _bВ 2. т. _cДимчо Вельов Дебелянов; под ред. на Елка Георгиева Константинова; под ред. на Здравко Петров; с предг. от Здравко Петров; * Здравко Петров Желев. _nТ. 1 _pСтихотворения |
| 257 | _aBGR | ||
| 260 |
_bБълг. писател _c1968 - _aСофия |
||
| 300 | _c20 см | ||
| 380 | _aX | ||
| 500 | _aПълното име на ред. Здравко Петров е Здравко Петров Желев. | ||
| 505 | _tПреводи | ||
| 700 | 1 |
_aКонстантинова, Елка Георгиева _982108 |
|
| 700 | 1 |
_aПетров, Здравко _eпод ред. на _gЖелев, Здравко Петров _9367839 |
|
| 700 | 1 |
_aПетров, Здравко _eс предг. от _gЖелев, Здравко Петров _9367839 |
|
| 700 | 1 |
_aЖелев, Здравко Петров _e* _9369485 |
|
| 760 | 1 |
_aДебелянов, Димчо Вельов _d1968 _h356 с., 3 л. портр. _tТ. 1 Стихотворения |
|
| 852 | _aЦб 48001 | ||
| 856 | 4 | _qpdf | |
| 856 | 4 | _qpdf | |
| 942 |
_cKNG _n0 _s1 |
||
| 944 |
_aCR _c16.03.2015 _k30550 _lКети Илиева |
||
| 944 |
_aED _c16.03.2015 _kМилена_Ачева |
||
| 999 | _d165450 | ||